000 00355nam a2200133Ia 4500
008 240624s9999 xx 000 0 und d
041 _aeng
082 _a658 MIL
100 _aMILES JEFFREY A
245 _aMANAGEMENT AND ORGANIZATION THEORY A JOS
260 _c2012
_aFrancisco
_bJossey-Bass/Wiley
300 _axi, : 467 : p. : cm. ; 22
365 _c
_b25
999 _c23584
_d23584